000 00772nam0a22002531 4500
001 rc\3812168
005 20250530061501.0
021 _aRU
_b[76-38120]
035 _a(NLR Aleph) 007265570
090 _a5353924
_c5353924
100 _a20120329d1976 |||y0rusy50 ca
101 0 _arus
102 _aRU
105 _ay z |||||
200 1 _aТоматы открытого грунта
_fВ.Л. Ершова
210 _aКишинев
_cКартя молдовеняскэ
_d1976
215 _a35 с.
_d17
606 _aТоматы
_xВозделывание
_yМССР
_2psbo
700 1 _aЕршова
_bВ.Л.
_gВалентина Леонтьевна
801 0 _aRU
_bNLR
_gpsbo
801 1 _aRU
_bELAR
_2rusmarc
852 _aNLR
_j76-2/2042
942 _cBOOK
980 _aNB